000 00521nam a2200181Ia 4500
003 LK-CoDNM
008 010623t1999 xxu||||| |||| 00| 1 eng d
040 _aLK-CoDNM
_dLK-CoDNM
_eLK-CoDNM
041 _aeng
080 _a36
_bGUN
100 _aGunatilaka, Ramani
245 _aHow successful is Samurdhi's savings credit programme in reaching the poor in Sri Lanka
260 _bInstitute of policy studies
_aColombo 03
_c1999
300 _b(ii), 37 cm
500 _aNo. 3
700 _aSalih, Rozana
942 _cBK
999 _c119344
_d119344